000
00296nam a22001097a 4500
082
_a
669.142 FAR'G
100
_a
FARRELL, JOHN
_9
80014
245
_a
CONSTRUCTIONAL STEELWORK SHOP PRACTICE A TEXTBOOK FOR APPRENTICES AND STUDENTS
260
_a
LONDON
_b
ILIFFE
_c
1964
300
_a
242P
942
_c
BK
999
_c
584991
_d
584991